| 000 | 00837nam a2200241Ii 4500 | ||
|---|---|---|---|
| 003 | JO-AjNU | ||
| 008 | 230605s9999||||xx |||||||||||||| ||und|| | ||
| 017 | _a2019/6/3027 | ||
| 020 | _a978-9923-14-088-8 | ||
| 040 |
_aJO-AjNU _bara _erda _cJO-AjNU |
||
| 041 | _aara | ||
| 050 | 1 | 4 | _aPJ6171.U72 2020 |
| 100 | 3 |
_aالعودات، محمد, _eauthor _960110 |
|
| 245 | 0 | 0 | _aالبنية الإيقاعية في الشعر العربي: نحو نظرية جديدة |
| 250 | _aط1 | ||
| 264 | 3 | 1 | _aاربد: عالم الكتب الحديث للنشر والتوزيع، 2020 |
| 300 | _a117ص | ||
| 336 |
_atext _btxt _2rdacontent |
||
| 337 |
_aunmediated _bn _2rdamedia |
||
| 338 |
_avolume _bnc _2rdacarrier |
||
| 490 | 0 | _aسلسة الدراسات البلاغية التحليلية | |
| 650 | 4 |
_aالشعر العربي _960111 |
|
| 999 |
_aA27088 _c30656 _d30656 |
||